000 00570nam a2200181Ia 4500
005 20250508152822.0
008 008 250505s9999 xx 000 0 eng d
037 _aBooks to be hide in OPAC
040 _aFEDL
_beng
_cFEDL
041 _aeng
_2eng
084 _a370, UNE/O
_qFEDL
100 _aMaxwell Elizabeth H
_9762469
245 0 _aExperiments in international education
260 _aParis, France
_bUnited Nations Educational, Scientific and Cultural Organization
_c1960
300 _a28p
942 _cHB
_h370, UNE/O
999 _c1338960
_d1338960